Markets (Record no. 82235)
[ view plain ]
| 000 -LEADER | |
|---|---|
| fixed length control field | 01051cam a22002055a 4500 |
| 001 - CONTROL NUMBER | |
| control field | L149629 |
| 008 - FIXED-LENGTH DATA ELEMENTS--GENERAL INFORMATION | |
| fixed length control field | 100329e2010 xxk 000 0 eng d |
| 035 ## - SYSTEM CONTROL NUMBER | |
| System control number | (Sirsi) u149629 |
| 041 0# - LANGUAGE CODE | |
| Language code of text/sound track or separate title | eng |
| 100 1# - MAIN ENTRY--PERSONAL NAME | |
| Personal name | Shah, Aditi |
| 245 00 - TITLE STATEMENT | |
| Title | Markets |
| Remainder of title | East Midlands |
| 260 ## - PUBLICATION, DISTRIBUTION, ETC. | |
| Date of publication, distribution, etc. | 2010 |
| 490 ## - SERIES STATEMENT | |
| Series statement | Property Week |
| Volume/sequential designation | 76(11) 19 March 2010, 57-66(5) |
| 520 ## - SUMMARY, ETC. | |
| Summary, etc. | Lloyds Banking Group?s head of corporate real estate outlines the bank?s lending strategy in the East Midlands. Nottingham, Northamptonshire, Derby and Leicester councils launch ambitious commercial and mixed-use development plans at MIPIM. New East Midlands property investment company, HCP Capital Partners aims at up to £50m worth of deals in the region in its first year. Leicestershire property developer Westleigh celebrates 25 years in the business. Asda to invest £25m in second supermarket at Langley Mill, Notttinghamshire. |
| 590 ## - LOCAL NOTE (RLIN) | |
| Local note | KA |
| 651 #4 - SUBJECT ADDED ENTRY--GEOGRAPHIC NAME | |
| Geographic name | East Midlands |
| 690 ## - LOCAL SUBJECT ADDED ENTRY--TOPICAL TERM (OCLC, RLIN) | |
| Topical term or geographic name as entry element | PROPERTY-COMMERCIAL PROPERTY-COMMERCIAL PROPERTY MARKET |
| 700 1# - ADDED ENTRY--PERSONAL NAME | |
| Personal name | Martin, Ian |
| 942 ## - ADDED ENTRY ELEMENTS (KOHA) | |
| Suppress in OPAC | 0 |
| Withdrawn status | Lost status | Source of classification or shelving scheme | Damaged status | Not for loan | Home library | Current library | Shelving location | Date acquired | Total Checkouts | Full call number | Barcode | Date last seen | Copy number | Price effective from | Koha item type |
|---|---|---|---|---|---|---|---|---|---|---|---|---|---|---|---|
| Dewey Decimal Classification | London | London | Journal article | 29/03/2010 | L149629 | 149629-1001 | 06/08/2019 | 1 | 06/08/2019 | Journal article |